| 000 | 00991nam a2200229Ia 4500 | ||
|---|---|---|---|
| 003 | Ost | ||
| 005 | 20260507074900.0 | ||
| 008 | 260507s9999||||xx |||||||||||||| ||und|| | ||
| 040 | _cfsecg | ||
| 041 | _aara | ||
| 082 | _a380.34 | ||
| 100 |
_aالحموي، شريف _eمؤلف |
||
| 245 | 0 |
_a مهارات الإتصال / _c شريف الحموي |
|
| 260 |
_aعمان: _bدار يافا العلمية للنشر والتوزيع, _c2006 |
||
| 300 |
_a220 صفحة؛ _bإيضاحات ؛ _c25 سم |
||
| 504 | _aالملاحق ص.192 ببليوغرافيا: ص.215 | ||
| 520 | _aمفهوم عملية الإتصال وعناصرها، مهارات الإتصال مع الأخرين، استقبال الزبائن، الإتصالات الهاتفية، كيف تكون فعالا في إدارة الإجتماعات، إدارة الوقت | ||
| 653 | _aالإتصال | ||
| 653 | _aالإتصال الجماهيري | ||
| 653 | _aبث المعلومات | ||
| 942 | _cكتاب | ||
| 999 |
_c41646 _d41646 |
||